Quartiers de Nantes avec carte - Statistiques

Statistiques générales
  • Ce quiz a été pris 195 fois
  • Le résultat moyen est 6 sur 11
Réponses sur la Carte
Les réponses sont colorées sur une échelle allant du rouge au vert en fonction du pourcentage des utilisateurs qui les ont devinées à leur premier essai. Vous pouvez retrouver ces pourcentages ci-dessous.
 
Statistiques - réponses
Réponse % Correct
Ile de Nantes
74%
Bellevue - Chantenay - Sainte Anne
73%
Malakoff - Saint Donatien
67%
Dervallières - Zola
63%
Centre-ville
57%
Doulon - Bottière
56%
Nantes Nord
56%
Nantes Sud
49%
Hauts Pavés - Saint Félix
47%
Nantes Erdre
37%
Breil - Barberie
34%
Aucun quiz correspondant
Distribution des résultats
% des personnes avec chaque résultat
Percentile par nombre de réponses
Votre historique - résultats
Vous n’avez pas pris ce quiz